Phong thủy nhà ở : Những điều kiêng kỵ và cách hóa giải

保存先:
書誌詳細
第一著者: Âu, Dương Vũ Phong
フォーマット: 図書
言語:Undetermined
出版事項: Đà Nẵng Tổng hợp Đà Nẵng 2006
主題:
タグ: タグ追加
タグなし, このレコードへの初めてのタグを付けませんか!
Thư viện lưu trữ: Trung tâm Học liệu Trường Đại học Cần Thơ
LEADER 00673nam a2200217Ia 4500
001 CTU_101442
008 210402s9999 xx 000 0 und d
020 |c 36000 
082 |a 690.01 
082 |b Ph431 
100 |a Âu, Dương Vũ Phong 
245 0 |a Phong thủy nhà ở : 
245 0 |b Những điều kiêng kỵ và cách hóa giải 
245 0 |c Âu Dương Vũ Phong; Di Linh biên dịch 
260 |a Đà Nẵng 
260 |b Tổng hợp Đà Nẵng 
260 |c 2006 
650 |a Fengshui,Buildings 
650 |x Design and construction 
904 |i Minh 
980 |a Trung tâm Học liệu Trường Đại học Cần Thơ